000 00440nam a2200193Ia 4500
003 OSt
005 20260129150746.0
008 250729s1995 xx 000 0 und d
040 _cAL
041 _aeng
082 _a500 SUNA
100 _aSundar R S
_9228088
245 _aAlexandar graham bell
260 _aBangalore
_c1995
300 _a48p
650 _aScience
_9228089
700 _aSuo Digumurthi
_9228090
942 _2ddc
_cBED
999 _c237877
_d237877